00434nam a2200121Ia 45000010005000000080041000050820028000461000066000742450106001402600025002469010026002719990015002971161241024s9999 xx 000 0 und d aRD/372.97293/R426p/2009 aRepública Dominicana. Secretaría de Estado de Educación 0aPrograma Multifaese para la equidad de la Educación Básica informe Semestral julio-Diciembre 2009 b[*SIN EDITORIAL*]c0 a7/2/2011 2:14:06 p.m. c8611d8611